LEADER 00819nam2 22002772 450 001 000003828 005 20080219095902.0 010 $a88-02-05837-7 100 $a20020419d2002----km-y0itay50------ba 101 0 $aita 102 $aIT 200 1 $aDiritto delle società$fGian Franco Campobasso 205 $a5. ed. 210 $aTorino$cUTET$d2002 215 $aVol. 2: XXVI, 632 p.$d24 cm 225 2 $a<>sistema giuridico italiano 410 0$12001$a<>sistema giuridico italiano 461 0$1001000001354 610 1 $aSocietà commerciali$aDiritto 676 $a346.07 700 1$aCampobasso,$bGian Franco$0113005 801 0$aIT$bUNIPARTHENOPE$gRICA$2UNIMARC 912 $a000003828 951 $cNAVA1$a346-D/25 (II)$b35315$d20020422 996 $aDiritto delle società$937466 997 $aUNIPARTHENOPE LEADER 01074nam0 22002771i 450 001 UON00511388 005 20231205105459.650 100 $a20230214d1969 |0itac50 ba 101 $afre 102 $aDK 105 $a|||| ||||| 200 1 $aˆA ‰propos de l'origine de H Touareg (Tahaggart)$fKarl-G. Prasse 210 $aKobenhavn$cMunksgaard$d1969 215 $a96 p.$d23 cm 410 1$1001UON00044484$12001 $aHistorisk-Filosofiske Meddelelser$v48.3 606 $aTUAREG$3UONC018257$2FI 620 $aDK$dCopenhagen$3UONL000180 676 $a965.02$cALGERIA - Storia - 647-1830$v21 700 1$aPrasse$bKarl-Gottfried$3UONV288719$01589438 712 $aMunksgaard$3UONV247043$4650 801 $aIT$bSOL$c20240220$gRICA 899 $aSIBA - SISTEMA BIBLIOTECARIO DI ATENEO$2UONSI 912 $aUON00511388 950 $aSIBA - SISTEMA BIBLIOTECARIO DI ATENEO$dSI AFR FONDO RICCI 094 $eSI 40323 7 094 996 $aPropos de l'origine de H Touareg (Tahaggart)$93901680 997 $aUNIOR